Výhrady k mnohostranným medzinárodným zmluvám
Proces tvorby medzinárodnej zmluvy. Všeobecne o výhradách k medzinárodným zmluvám. Historický vývoj inštitútu výhrad k medzinárodným zmluvám. Námietky voči výhradám. Viedenský dohovor. Praktická príručka o výhradách k medzinárodným zmluvám.
Enregistré dans:
| Auteur principal: | |
|---|---|
| Format: | Chapitre de livre |
| Langue: | slovaque |
| Sujets: | |
| Tags: |
Pas de tags, Soyez le premier à ajouter un tag!
|
MARC
| LEADER | 00000nla a2200000 4500 | ||
|---|---|---|---|
| 001 | 0184058 | ||
| 005 | 20240502083433.7 | ||
| 041 | 0 | |a slo | |
| 044 | |a CZ | ||
| 245 | 1 | 0 | |a Výhrady k mnohostranným medzinárodným zmluvám |c Dorota Harakaľová |
| 520 | |a Proces tvorby medzinárodnej zmluvy. Všeobecne o výhradách k medzinárodným zmluvám. Historický vývoj inštitútu výhrad k medzinárodným zmluvám. Námietky voči výhradám. Viedenský dohovor. Praktická príručka o výhradách k medzinárodným zmluvám. | ||
| 610 | 2 | 0 | |a právo medzinárodné |
| 610 | 2 | 0 | |a právo verejné medzinárodné |
| 610 | 2 | 0 | |a zmluvy medzinárodné |
| 100 | 1 | |a Harakaľová, Dorota, 1989- | |